| 000 | 01058nam a22002897a 4500 | ||
|---|---|---|---|
| 003 | OSt | ||
| 005 | 20140821213003.0 | ||
| 008 | 131029b2007 mex spa | ||
| 020 | _a970-729-258-X | ||
| 040 |
_aBMC _cBMC |
||
| 082 | _a612.015 | ||
| 082 | _a611.018 | ||
| 100 | 1 |
_98160 _aHarper, Harold Anthony _d1911-1988 |
|
| 245 | 1 | 0 |
_aBioquímica ilustrada _cHarper ; [editores], Robert K. Murray, Darly K. Granner, Victor W. Rodwell ; traducción... por Víctor Manuel Pastrana Retana ; editor responsable, Martín Martínez Moreno |
| 250 | _a17ª ed | ||
| 260 |
_aMéxico D.F. ; Santa Fé de Bogotá _bEl Manual Moderno _c2007 |
||
| 300 |
_aXIV, 692 p. _bil. _c27 cm |
||
| 595 | _aTraducción de : Harper's biochemistry, 27th ed | ||
| 650 | 2 | 4 |
_98014 _aBioquímica |
| 650 | 2 | 4 |
_94163 _aBiología molecular |
| 700 | 1 |
_98064 _aMurray, Robert K. |
|
| 700 | 1 |
_98269 _aGranner, Daryl K. |
|
| 700 | 1 |
_924093 _aRodwell, Victor W. |
|
| 700 | 1 |
_924094 _aPastrana Retana, Víctor Manuel |
|
| 700 | 1 |
_98082 _aMartínez Moreno, Martín |
|
| 942 |
_2ddc _cBK |
||
| 999 |
_c13105 _d13105 |
||